Toward a Political economy of development : A rational choice perspective

সংরক্ষণ করুন:
গ্রন্থ-পঞ্জীর বিবরন
প্রধান লেখক: Bates, Robert H.
বিন্যাস: গ্রন্থ
ভাষা:Undetermined
প্রকাশিত: London University of California press 1988
বিষয়গুলি:
ট্যাগগুলো: ট্যাগ যুক্ত করুন
কোনো ট্যাগ নেই, প্রথমজন হিসাবে ট্যাগ করুন!
Thư viện lưu trữ: Trung tâm Học liệu Trường Đại học Cần Thơ
LEADER 00571nam a2200193Ia 4500
001 CTU_81355
008 210402s9999 xx 000 0 und d
082 |a 338.9 
082 |b B329 
100 |a Bates, Robert H. 
245 0 |a Toward a Political economy of development : 
245 2 |b A rational choice perspective 
245 0 |c Robert H. Bates 
260 |a London 
260 |b University of California press 
260 |c 1988 
650 |a Conomic policy,Developing countries 
904 |i Trọng Hải 
980 |a Trung tâm Học liệu Trường Đại học Cần Thơ